| 000 | 00468nam a22001937a 4500 | ||
|---|---|---|---|
| 020 | _a0-590-55836-6 | ||
| 082 |
_a823 _bSTI/G |
||
| 100 | _aSTINE, R.L | ||
| 245 | _aGOOSE BUMPS | ||
| 246 | _bONE DAY AT HORROR LAND | ||
| 246 | _aATTACK OF THE JACK-O. LANTERNS | ||
| 246 | _aHORROR LAND | ||
| 246 | _aSAY CHEESE AND DIE | ||
| 260 |
_aNW YORK _bSCHOLASTIC INC PUBLISHERS _c2008 |
||
| 300 | _a131 | ||
| 520 | _aSHORT STORY | ||
| 650 | _aSHORT STORY | ||
| 942 | _cBK | ||
| 999 |
_c3544 _d3544 |
||